[Event "Guernsey International Holiday 2014"]
[Site "Guernsey, GCI"]
[Date "2014.10.21"]
[Round "3"]
[White "Bateman, Kerry"]
[Black "Colsen, Manuel"]
[Result "1-0"]
[WhiteElo "1717"]
[BlackElo "1555"]
[PlyCount "87"]
[EventDate "2014.10.19"]
[EventType "swiss"]
[EventRounds "7"]
[SourceDate "2015.01.07"]

1. e4 c6 2. d4 d5 3. Nc3 dxe4 4. Nxe4 Bf5 5. Ng3 Bg6 6. Nf3 Nd7 7. Bc4 Ngf6 8.
O-O e6 9. Re1 Be7 10. c3 b5 11. Bb3 a5 12. h4 h6 13. Bf4 a4 14. Bc2 Bxc2 15.
Qxc2 Nd5 16. Be5 O-O 17. Nh5 N7f6 18. Bxf6 Nxf6 19. Nf4 Nd5 20. Qe4 Nxf4 21.
Qxf4 Bd6 22. Qe4 Rc8 23. g4 Be7 24. Kg2 Bxh4 25. Rh1 Bg5 26. Rh3 Qf6 27. Kg3
Rfd8 28. Rah1 Rd5 29. Ne5 Qe7 30. f4 Bf6 31. Rh5 Bxe5 32. fxe5 Kf8 33. Qh7 Ke8
34. Qxg7 c5 35. Qh8+ Kd7 36. Qf6 Qe8 37. Rxh6 cxd4 38. Rh8 Qe7 39. Qxe7+ Kxe7
40. Rxc8 dxc3 41. Rc7+ Kd8 42. Ra7 Rd3+ 43. Kf2 Rd2+ 44. Ke3 1-0

[Event "Guernsey International Holiday 2014"]
[Site "Guernsey, GCI"]
[Date "2014.10.21"]
[Round "3"]
[White "Jongerius, Marc"]
[Black "Zonneveld, Jos"]
[Result "0-1"]
[WhiteElo "1701"]
[BlackElo "1528"]
[PlyCount "130"]
[EventDate "2014.10.19"]
[EventType "swiss"]
[EventRounds "7"]
[SourceDate "2015.01.07"]

1. e4 c5 2. Nf3 Nc6 3. d4 cxd4 4. Nxd4 d6 5. Nc3 e5 6. Nf3 Be7 7. Nd5 Nf6 8.
Nxf6+ Bxf6 9. Bc4 O-O 10. O-O Bg4 11. Be2 a6 12. Be3 Qc7 13. c3 h6 14. Qd2 Rad8
15. h3 Bh5 16. Bc4 Bxf3 17. gxf3 Ne7 18. Kh2 Qxc4 19. Bxh6 gxh6 20. Qxh6 Ng6
21. Rg1 Bg7 22. Qg5 Qe6 23. h4 Qf6 24. Qxf6 Bxf6 25. h5 Kg7 26. hxg6 fxg6 27.
Kg3 Bg5 28. Kg4 Be7 29. Rad1 Rf4+ 30. Kg3 Rh8 31. Kg2 Kf7 32. Rd3 Ke6 33. Kf1
g5 34. Ke2 Rh2 35. Rg4 Rh1 36. b3 Ra1 37. Rd2 Rxg4 38. fxg4 Rg1 39. f3 Bd8 40.
c4 Ba5 41. Rc2 Bb4 42. Kd3 a5 43. Rh2 b6 44. Re2 Rd1+ 45. Kc2 Rf1 46. Re3 Bc5
47. Rd3 Bd4 48. a4 Ra1 49. Kd2 Kd7 50. Kc2 Kc6 51. Kd2 Kc5 52. Kc2 Kb4 53. Kd2
Ra2+ 54. Kc1 Rf2 55. Kd1 Ka3 56. Ke1 Rh2 57. Kd1 Kb2 58. Rd2+ Rxd2+ 59. Kxd2
Kxb3 60. Kd3 Bf2 61. Ke2 Bc5 62. Kd3 Kxa4 63. Kc3 Ka3 64. Kd3 Kb2 65. f4 exf4
0-1

[Event "Guernsey International Holiday 2014"]
[Site "Guernsey, GCI"]
[Date "2014.10.21"]
[Round "3"]
[White "Joyeux, Gerard"]
[Black "Jones, Tim"]
[Result "1-0"]
[WhiteElo "1692"]
[BlackElo "1518"]
[PlyCount "73"]
[EventDate "2014.10.19"]
[EventType "swiss"]
[EventRounds "7"]
[SourceDate "2015.01.07"]

1. d4 Nf6 2. Nc3 d5 3. e4 dxe4 4. f3 e3 5. Bxe3 e6 6. Bc4 Nd5 7. Nxd5 exd5 8.
Bd3 Be7 9. Ne2 Nc6 10. a3 Bf6 11. c3 Ne7 12. O-O Bf5 13. Ng3 Bxd3 14. Qxd3 Ng6
15. Nh5 O-O 16. Nxf6+ Qxf6 17. b4 c6 18. Qd2 h6 19. a4 Rfe8 20. b5 Re6 21. f4
Re4 22. Rf3 Ne7 23. f5 Kh7 24. Raf1 Re8 25. Bf4 Ng8 26. Be5 Qd8 27. f6 g6 28.
Re3 Rxe3 29. Qxe3 Re6 30. Qf3 Qf8 31. h4 Kh8 32. bxc6 bxc6 33. Qd3 c5 34. Qb5
cxd4 35. cxd4 Qd8 36. Qb7 Nxf6 37. Qxf7 1-0

[Event "Guernsey International Holiday 2014"]
[Site "Guernsey, GCI"]
[Date "2014.10.21"]
[Round "3"]
[White "Goman, Colin"]
[Black "Livermore, Richard"]
[Result "1/2-1/2"]
[WhiteElo "1516"]
[BlackElo "1619"]
[PlyCount "96"]
[EventDate "2014.10.19"]
[EventType "swiss"]
[EventRounds "7"]
[SourceDate "2015.01.07"]

1. d4 Nf6 2. Nf3 d5 3. e3 e6 4. Bd3 c5 5. c3 c4 6. Bc2 b5 7. O-O Bb7 8. Nbd2
Nbd7 9. Re1 Ne4 10. Nxe4 dxe4 11. Ne5 Nxe5 12. dxe5 Qg5 13. a4 Qxe5 14. axb5
Bd6 15. g3 O-O 16. Qd4 Qd5 17. Rd1 Be5 18. Qxd5 exd5 19. Bd2 Rfc8 20. Ra4 Bd6
21. Rda1 Bc5 22. Bd1 f5 23. Be2 Bb6 24. b3 cxb3 25. Rb4 Rc5 26. Rxb3 Rac8 27.
Rba3 R8c7 28. Rb1 Bc8 29. Kg2 Kf7 30. Bh5+ g6 31. Be2 Kf6 32. h3 Rb7 33. Bc1
Ke6 34. Bb2 Bd7 35. Ba1 Bc7 36. Rab3 Be5 37. Kf1 g5 38. Kg2 f4 39. Bg4+ Kd6 40.
Bxd7 f3+ 41. Kf1 Kxd7 42. Ke1 Rc8 43. Rd1 Kd6 44. Bb2 Ke6 45. Ra1 Rc5 46. Ra6+
Kf7 47. Kd2 Bb8 48. b6 Rxb6 1/2-1/2

[Event "Guernsey International Holiday 2014"]
[Site "Guernsey, GCI"]
[Date "2014.10.21"]
[Round "3"]
[White "Rowe, Oliver"]
[Black "Cook, Chris RD"]
[Result "1/2-1/2"]
[WhiteElo "1466"]
[BlackElo "1765"]
[PlyCount "71"]
[EventDate "2014.10.19"]
[EventType "swiss"]
[EventRounds "7"]
[SourceDate "2015.01.07"]

1. e4 d5 2. exd5 Qxd5 3. Nc3 Qd6 4. d4 Nf6 5. Nf3 c6 6. Ne5 Nbd7 7. Bf4 Qb4 8.
Nc4 Nd5 9. a3 Nxc3 10. axb4 Nxd1 11. Rxd1 Nf6 12. c3 Nd5 13. Bg3 g6 14. Be2 Bg7
15. O-O O-O 16. Rfe1 f6 17. Bf3 Rf7 18. Re2 Bf8 19. Rde1 Bd7 20. b5 b6 21. bxc6
Bxc6 22. Re6 Bb7 23. Ne3 Rd8 24. Nc2 Bc8 25. Rc6 Bb7 26. Bxd5 Rxd5 27. Rc7 e6
28. Rxe6 Rxc7 29. Bxc7 Kf7 30. Re2 Rg5 31. Ne3 Ra5 32. f4 Ra1+ 33. Kf2 h5 34.
d5 Bc5 35. b4 Bxe3+ 36. Kxe3 1/2-1/2

[Event "Guernsey International Holiday 2014"]
[Site "Guernsey, GCI"]
[Date "2014.10.21"]
[Round "3"]
[White "Kearsley, Raymond J"]
[Black "Bennett, David"]
[Result "1-0"]
[WhiteElo "1638"]
[BlackElo "1360"]
[PlyCount "125"]
[EventDate "2014.10.19"]
[EventType "swiss"]
[EventRounds "7"]
[SourceDate "2015.01.07"]

1. e4 e6 2. d4 c5 3. d5 exd5 4. exd5 Nf6 5. Nf3 g6 6. Bc4 Bg7 7. d6 O-O 8. O-O
Qb6 9. Nc3 Nc6 10. a3 Na5 11. Ba2 Re8 12. Re1 Rxe1+ 13. Qxe1 Qd8 14. Bg5 h6 15.
Bh4 g5 16. Bg3 b6 17. Ne5 c4 18. Nxc4 Nxc4 19. Bxc4 Bb7 20. Rd1 Rc8 21. Bb3 a6
22. Qe3 Ng4 23. Qe7 Qxe7 24. dxe7 Nf6 25. Be5 Bc6 26. Bd6 Ne8 27. Bg3 Bf6 28.
Re1 d6 29. Nd5 Bxd5 30. Bxd5 b5 31. Bb3 Rc6 32. c3 h5 33. f3 h4 34. Bf2 Rc8 35.
Bb6 Be5 36. Bd8 Ra8 37. Bd5 Rc8 38. Bb7 Rc5 39. Bb6 Rc4 40. Re4 Rxe4 41. fxe4
Bf6 42. Bc6 Bxe7 43. Bxe8 Kf8 44. Bc6 g4 45. Bb7 Bg5 46. g3 hxg3 47. hxg3 Bc1
48. b4 Bxa3 49. Bxa6 Bb2 50. Bd4 Bc1 51. Bxb5 Ke7 52. Be2 Ke6 53. Bxg4+ Ke7 54.
b5 Kd8 55. Bb6+ Ke7 56. Bc7 Bd2 57. b6 Be3+ 58. Kg2 Bxb6 59. Bxb6 f6 60. Kf3
Ke8 61. Kf4 Ke7 62. Kf5 Kf7 63. Bd8 1-0

[Event "Guernsey International Holiday 2014"]
[Site "Guernsey, GCI"]
[Date "2014.10.21"]
[Round "3"]
[White "Van Beek, Ronald"]
[Black "Borland, Tom"]
[Result "1/2-1/2"]
[WhiteElo "1290"]
[BlackElo "1597"]
[PlyCount "29"]
[EventDate "2014.10.19"]
[EventType "swiss"]
[EventRounds "7"]
[SourceDate "2015.01.07"]

1. d4 d5 2. c4 Nc6 3. e3 Nf6 4. Nc3 e5 5. dxe5 Nxe5 6. cxd5 Bc5 7. Be2 O-O 8.
Nf3 Qe7 9. O-O Rd8 10. e4 c6 11. Bg5 h6 12. Nxe5 Qxe5 13. Bxf6 Qxf6 14. Qc2 Qg6
15. Bf3 1/2-1/2

[Event "Guernsey International Holiday 2014"]
[Site "Guernsey, GCI"]
[Date "2014.10.21"]
[Round "3"]
[White "Newrick, William R"]
[Black "Kay, Robert"]
[Result "0-1"]
[WhiteElo "1383"]
[BlackElo "1555"]
[PlyCount "54"]
[EventDate "2014.10.19"]
[EventType "swiss"]
[EventRounds "7"]
[SourceDate "2015.01.07"]

1. d4 Nf6 2. Nf3 d5 3. e3 Bg4 4. c4 e6 5. cxd5 exd5 6. Be2 Bd6 7. h3 Bh5 8. Nc3
c6 9. Qc2 O-O 10. Ne5 Bxe2 11. Nxe2 Qe7 12. Nf3 Ne4 13. Nc3 f5 14. Nxe4 fxe4
15. Nd2 Qf7 16. Nb3 Bb4+ 17. Kf1 b6 18. a3 Bd6 19. Ke1 Na6 20. Rf1 Rac8 21. f4
c5 22. Qe2 c4 23. f5 Nb8 24. Qg4 cxb3 25. h4 Nd7 26. h5 Nf6 27. Rh1 Nxg4 0-1

[Event "Guernsey International Holiday 2014"]
[Site "Guernsey, GCI"]
[Date "2014.10.21"]
[Round "3"]
[White "Svenneling, Matz"]
[Black "Harnden, Terry"]
[Result "1-0"]
[WhiteElo "1504"]
[BlackElo "1496"]
[PlyCount "127"]
[EventDate "2014.10.19"]
[EventType "swiss"]
[EventRounds "7"]
[SourceDate "2015.01.07"]

1. e4 c5 2. Nc3 d6 3. d3 Nf6 4. g3 g6 5. Bg2 Nc6 6. Nge2 Bg7 7. h3 O-O 8. Be3
Rb8 9. f4 e6 10. O-O a6 11. Qd2 Ne8 12. a4 Nd4 13. a5 b6 14. axb6 Rxb6 15. Na4
Rb8 16. Nxd4 cxd4 17. Bf2 Bd7 18. b3 Rb5 19. Nb2 a5 20. Nc4 Rb8 21. Rxa5 Bb5
22. Na3 Bc6 23. Ra1 Nc7 24. e5 Bxg2 25. Kxg2 dxe5 26. fxe5 Ra8 27. Nc4 Rxa5 28.
Qxa5 Qd5+ 29. Qxd5 Nxd5 30. Bxd4 Rd8 31. c3 Bf8 32. Ra6 Rb8 33. b4 Nc7 34. Rb6
Rxb6 35. Bxb6 Nb5 36. Bc5 Nxc3 37. Bxf8 Kxf8 38. Nd6 Nd5 39. b5 Nb6 40. Kf3 Ke7
41. Nc4 Nd7 42. Kf4 h6 43. b6 Nb8 44. Ke4 Nc6 45. d4 f5+ 46. exf6+ Kxf6 47. Ne5
Na5 48. Ng4+ Kg7 49. Ke5 h5 50. Ne3 Kf7 51. Kd6 Ke8 52. Kc7 Ke7 53. b7 Nxb7 54.
Kxb7 Kd6 55. Kc8 e5 56. Nc4+ Ke6 57. dxe5 g5 58. Kd8 g4 59. hxg4 hxg4 60. Ke8
Kd5 61. Kf7 Kxc4 62. e6 Kd5 63. e7 Ke5 64. e8=Q+ 1-0

[Event "Guernsey International Holiday 2014"]
[Site "Guernsey, GCI"]
[Date "2014.10.21"]
[Round "3"]
[White "Le Messurier, Rosemary"]
[Black "Kok, Franciscus"]
[Result "0-1"]
[WhiteElo "1210"]
[BlackElo "1514"]
[PlyCount "38"]
[EventDate "2014.10.19"]
[EventType "swiss"]
[EventRounds "7"]
[SourceDate "2015.01.07"]

1. e4 c5 2. Bc4 Nc6 3. Nf3 d6 4. d3 a6 5. Ng5 e6 6. Nc3 h6 7. Nf3 Nf6 8. O-O b5
9. Bb3 Be7 10. Re1 O-O 11. e5 dxe5 12. Nxe5 Nxe5 13. Rxe5 Bd6 14. Rh5 Nxh5 15.
Qxh5 Kh7 16. Ne4 Qe7 17. Nxd6 Qxd6 18. Bd2 c4 19. Qf3 Bd7 0-1

[Event "Guernsey International Holiday 2014"]
[Site "Guernsey, GCI"]
[Date "2014.10.22"]
[Round "4"]
[White "Baart, Edwin"]
[Black "O'Connell, Denis"]
[Result "1/2-1/2"]
[WhiteElo "1681"]
[BlackElo "1628"]
[PlyCount "54"]
[EventDate "2014.10.19"]
[EventType "swiss"]
[EventRounds "7"]
[SourceDate "2015.01.07"]

1. d4 d5 2. Nf3 Nc6 3. c4 e5 4. dxe5 d4 5. g3 Nge7 6. Bg2 Ng6 7. Nbd2 Ngxe5 8.
O-O Be7 9. Qa4 Bd7 10. Qc2 Nb4 11. Qb3 Nxf3+ 12. Nxf3 c5 13. a3 Nc6 14. e3 Rb8
15. exd4 cxd4 16. Bf4 Na5 17. Qd3 Rc8 18. b3 O-O 19. Nxd4 Bf6 20. Rad1 Bg4 21.
Nf3 Qb6 22. h3 Bh5 23. Be3 Qxb3 24. Qxb3 Nxb3 25. Rb1 Na5 26. Bxa7 Nxc4 27.
Rxb7 Nxa3 1/2-1/2

[Event "Guernsey International Holiday 2014"]
[Site "Guernsey, GCI"]
[Date "2014.10.22"]
[Round "4"]
[White "Stuart, Brian"]
[Black "Day, Fred"]
[Result "1/2-1/2"]
[WhiteElo "1735"]
[BlackElo "1420"]
[PlyCount "58"]
[EventDate "2014.10.19"]
[EventType "swiss"]
[EventRounds "7"]
[SourceDate "2015.01.07"]

1. e4 Nf6 2. e5 Nd5 3. d4 d6 4. c4 Nb6 5. exd6 cxd6 6. Nc3 Bf5 7. Nf3 e6 8. Bd3
Bxd3 9. Qxd3 Be7 10. O-O N8d7 11. b3 O-O 12. Bf4 Nf6 13. Rad1 a6 14. Rfe1 Rc8
15. h3 Nh5 16. Bh2 g6 17. g4 Ng7 18. Bf4 Re8 19. Kg2 Nd7 20. Ne4 e5 21. dxe5
dxe5 22. Bg3 Nc5 23. Nxc5 Bxc5 24. Qc2 Qb6 25. Bxe5 Ne6 26. Bg3 Red8 27. Rxd8+
Rxd8 28. Rd1 Rxd1 29. Qxd1 Qc6 1/2-1/2

[Event "Guernsey International Holiday 2014"]
[Site "Guernsey, GCI"]
[Date "2014.10.22"]
[Round "4"]
[White "Bateman, Kerry"]
[Black "Kershaw, Graham J"]
[Result "1-0"]
[WhiteElo "1717"]
[BlackElo "1773"]
[PlyCount "57"]
[EventDate "2014.10.19"]
[EventType "swiss"]
[EventRounds "7"]
[SourceDate "2015.01.07"]

1. e4 e6 2. d4 d5 3. Nc3 Bb4 4. a3 Bxc3+ 5. bxc3 dxe4 6. Qg4 Nf6 7. Qxg7 Rg8 8.
Qh6 Nbd7 9. Ne2 b6 10. Ng3 Bb7 11. Bb2 Qe7 12. O-O-O O-O-O 13. Be2 Rg6 14. Qd2
Rdg8 15. Rhe1 Ng4 16. Bxg4 Rxg4 17. Re3 Rh4 18. d5 Bxd5 19. Nf5 Qg5 20. Nxh4
Qxh4 21. c4 Bc6 22. Rh3 Qg4 23. Rg3 e3 24. fxe3 Qxc4 25. Rxg8+ Kb7 26. Qd3 Qa4
27. Qb3 Qe4 28. Rd4 Qf5 29. Qd3 1-0

[Event "Guernsey International Holiday 2014"]
[Site "Guernsey, GCI"]
[Date "2014.10.22"]
[Round "4"]
[White "Finch, Russell"]
[Black "Hoogakker, Peter"]
[Result "1/2-1/2"]
[WhiteElo "1613"]
[BlackElo "1757"]
[PlyCount "35"]
[EventDate "2014.10.19"]
[EventType "swiss"]
[EventRounds "7"]
[SourceDate "2015.01.07"]

1. e4 d6 2. d4 Nf6 3. Nc3 Nbd7 4. Bc4 e5 5. Nf3 Be7 6. O-O h6 7. Qe2 c6 8. a4
Qc7 9. a5 Nf8 10. h3 g5 11. dxe5 dxe5 12. Nh2 Ng6 13. Ng4 Nh5 14. Qf3 f6 15. g3
Bxg4 16. hxg4 Ng7 17. Kg2 Nf8 18. Be3 1/2-1/2

[Event "Guernsey International Holiday 2014"]
[Site "Guernsey, GCI"]
[Date "2014.10.22"]
[Round "4"]
[White "Glover, John"]
[Black "Joyeux, Gerard"]
[Result "1-0"]
[WhiteElo "1735"]
[BlackElo "1692"]
[PlyCount "61"]
[EventDate "2014.10.19"]
[EventType "swiss"]
[EventRounds "7"]
[SourceDate "2015.01.07"]

1. Nf3 d5 2. c4 d4 3. g3 Bg4 4. Bg2 c6 5. d3 g6 6. Nbd2 Bg7 7. b4 Qc8 8. a4 e5
9. O-O Bh3 10. Ne4 Bf8 11. Qb3 Bxg2 12. Kxg2 Nd7 13. c5 h6 14. Nfd2 Ngf6 15.
Ba3 Nd5 16. Nc4 Qc7 17. Ncd6+ Bxd6 18. Nxd6+ Kf8 19. Kg1 Kg7 20. e4 dxe3 21.
fxe3 Rhf8 22. Rf2 N7f6 23. e4 Ne3 24. Rf3 Neg4 25. h3 Qd7 26. Kg2 Nxe4 27. dxe4
Nf6 28. Raf1 Qe6 29. Qxe6 fxe6 30. Bb2 Nd7 31. Rf7+ 1-0

[Event "Guernsey International Holiday 2014"]
[Site "Guernsey, GCI"]
[Date "2014.10.22"]
[Round "4"]
[White "Savident, David B"]
[Black "Spanjersberg, Hans"]
[Result "1/2-1/2"]
[WhiteElo "1734"]
[BlackElo "1648"]
[PlyCount "47"]
[EventDate "2014.10.19"]
[EventType "swiss"]
[EventRounds "7"]
[SourceDate "2015.01.07"]

1. e4 e6 2. Nf3 d5 3. Nc3 Nf6 4. e5 Nfd7 5. d4 c5 6. Bf4 a6 7. Ne2 Qa5+ 8. c3
Nc6 9. Qd2 cxd4 10. Nexd4 Be7 11. Bd3 Nxd4 12. Nxd4 Qd8 13. Bg3 Nc5 14. Bc2 Bd7
15. O-O O-O 16. f4 Ne4 17. Bxe4 dxe4 18. Bf2 Bc5 19. Rad1 Bxd4 20. Bxd4 Rc8 21.
b3 Re8 22. Qe3 Bc6 23. Bb6 Qh4 24. a4 1/2-1/2

[Event "Guernsey International Holiday 2014"]
[Site "Guernsey, GCI"]
[Date "2014.10.22"]
[Round "4"]
[White "Haisma, Henk"]
[Black "Kirk, Matthew"]
[Result "1/2-1/2"]
[WhiteElo "1694"]
[BlackElo "1726"]
[PlyCount "94"]
[EventDate "2014.10.19"]
[EventType "swiss"]
[EventRounds "7"]
[SourceDate "2015.01.07"]

1. b4 e5 2. Bb2 Bxb4 3. Bxe5 Nf6 4. e3 O-O 5. Nf3 Re8 6. Bb2 d5 7. a3 Be7 8. c4
c5 9. cxd5 Nxd5 10. Qc2 Nc6 11. Bc4 a6 12. Nc3 Nb6 13. Bd3 g6 14. Ne4 Nd7 15.
Qc3 f6 16. Bc4+ Kg7 17. Nfg5 Nde5 18. Ne6+ Bxe6 19. Bxe6 Nd3+ 20. Ke2 Nxb2 21.
Qxb2 b5 22. a4 b4 23. Ba2 Ne5 24. d4 cxd4 25. exd4 Nd7 26. Rhe1 f5 27. Nd2 Bf6+
28. Kf1 Qb6 29. Rxe8 Rxe8 30. Qb3 Re7 31. Nf3 Bxd4 32. Nxd4 Qxd4 33. Rd1 Qe5
34. g3 Qe2+ 35. Kg1 Nc5 36. Qg8+ Kh6 37. Qf8+ Kh5 38. Rf1 b3 39. Bb1 Qe5 40.
Qd8 b2 41. Qd2 Qe2 42. Qf4 g5 43. Qxf5 Ne4 44. Qh3+ Kg6 45. f3 Qe3+ 46. Kh1 Kg7
47. fxe4 Rxe4 1/2-1/2

[Event "Guernsey International Holiday 2014"]
[Site "Guernsey, GCI"]
[Date "2014.10.22"]
[Round "4"]
[White "Van Hoek, Wim"]
[Black "Gstalter, Herbert"]
[Result "1/2-1/2"]
[WhiteElo "1720"]
[BlackElo "1651"]
[PlyCount "38"]
[EventDate "2014.10.19"]
[EventType "swiss"]
[EventRounds "7"]
[SourceDate "2015.01.07"]

1. e4 e6 2. d4 d5 3. e5 c5 4. c3 Qb6 5. Nf3 Bd7 6. a3 Bb5 7. dxc5 Bxc5 8. Bxb5+
Qxb5 9. b4 Bb6 10. a4 Qc4 11. Qe2 Qxe2+ 12. Kxe2 a6 13. Re1 Nd7 14. Kf1 Rc8 15.
a5 Ba7 16. Be3 Bxe3 17. Rxe3 Ne7 18. Na3 Nf5 19. Rd3 O-O 1/2-1/2

[Event "Guernsey International Holiday 2014"]
[Site "Guernsey, GCI"]
[Date "2014.10.22"]
[Round "4"]
[White "Kay, Robert"]
[Black "Norman, Dinah M"]
[Result "1/2-1/2"]
[WhiteElo "1555"]
[BlackElo "1735"]
[PlyCount "74"]
[EventDate "2014.10.19"]
[EventType "swiss"]
[EventRounds "7"]
[SourceDate "2015.01.07"]

1. d4 d5 2. c4 c6 3. Nf3 Nf6 4. Bg5 e6 5. e3 Nbd7 6. Nc3 h6 7. Bh4 Be7 8. Bd3
dxc4 9. Bxc4 b5 10. Bd3 a6 11. O-O Bb7 12. Rc1 Rc8 13. Bxf6 Nxf6 14. Ne4 Nxe4
15. Bxe4 Bd6 16. a3 a5 17. a4 Qb6 18. b3 O-O 19. Ne5 Bxe5 20. dxe5 Rfd8 21. Qf3
b4 22. Rcd1 Rxd1 23. Rxd1 Rd8 24. g4 Rxd1+ 25. Qxd1 c5 26. Bxb7 Qxb7 27. Qd8+
Kh7 28. Qd3+ Kg8 29. e4 Qc7 30. f4 Kf8 31. g5 hxg5 32. fxg5 Ke7 33. Qb5 Qxe5
34. Qb7+ Ke8 35. Qc8+ Ke7 36. Qb7+ Ke8 37. Qc8+ Ke7 1/2-1/2

[Event "Guernsey International Holiday 2014"]
[Site "Guernsey, GCI"]
[Date "2014.10.22"]
[Round "4"]
[White "Beadle, John"]
[Black "Goman, Colin"]
[Result "1/2-1/2"]
[WhiteElo "1690"]
[BlackElo "1516"]
[PlyCount "37"]
[EventDate "2014.10.19"]
[EventType "swiss"]
[EventRounds "7"]
[SourceDate "2015.01.07"]

1. e4 d6 2. d4 Nf6 3. Nc3 g6 4. h3 Bg7 5. Nf3 O-O 6. Bd3 c5 7. dxc5 dxc5 8. O-O
Be6 9. Bf4 Nc6 10. Qd2 c4 11. Be2 Qxd2 12. Bxd2 Rfd8 13. Rfd1 Nb4 14. Rac1 Rac8
15. a3 Nc6 16. Ng5 Nd4 17. Nxe6 Nxe6 18. Be3 b6 19. Rxd8+ 1/2-1/2

[Event "Guernsey International Holiday 2014"]
[Site "Guernsey, GCI"]
[Date "2014.10.22"]
[Round "4"]
[White "Bakkes, Frits"]
[Black "Kearsley, Raymond J"]
[Result "0-1"]
[WhiteElo "1630"]
[BlackElo "1638"]
[PlyCount "72"]
[EventDate "2014.10.19"]
[EventType "swiss"]
[EventRounds "7"]
[SourceDate "2015.01.07"]

1. e4 c5 2. Nf3 g6 3. d4 cxd4 4. Qxd4 Nf6 5. e5 Nc6 6. Qa4 Nd5 7. c4 Nb6 8. Qc2
Bg7 9. Bf4 O-O 10. Nc3 d6 11. O-O-O Bf5 12. Qb3 Qc8 13. exd6 exd6 14. Nb5 Na5
15. Qb4 Naxc4 16. Nc3 Nxb2 17. Kxb2 Na4+ 18. Ka3 Nxc3 19. Rc1 a5 20. Qxd6 Rd8
21. Qc7 Qxc7 22. Bxc7 Rdc8 23. Bf4 b5 24. Ne5 b4+ 25. Kb2 Na4+ 26. Kb3 Rxc1 27.
Bxc1 Nc5+ 28. Kc4 Bxe5 29. Kxc5 Rc8+ 30. Kd5 Rxc1 31. Kxe5 Bd3 32. Bxd3 Rxh1
33. h3 Rd1 34. Bc4 Rd2 35. f4 Kf8 36. g4 Ke7 0-1

[Event "Guernsey International Holiday 2014"]
[Site "Guernsey, GCI"]
[Date "2014.10.22"]
[Round "4"]
[White "Cook, Chris RD"]
[Black "Svenneling, Matz"]
[Result "1-0"]
[WhiteElo "1765"]
[BlackElo "1504"]
[PlyCount "69"]
[EventDate "2014.10.19"]
[EventType "swiss"]
[EventRounds "7"]
[SourceDate "2015.01.07"]

1. c4 Nf6 2. g3 g6 3. Bg2 c5 4. Nc3 Nc6 5. e4 d6 6. Nge2 Bg7 7. a3 O-O 8. O-O
a6 9. f4 Qc7 10. d4 cxd4 11. Nxd4 Bg4 12. Nf3 Qb6+ 13. Kh1 Bxf3 14. Bxf3 Qd4
15. Qe2 Na5 16. e5 dxe5 17. fxe5 Nh5 18. e6 Nf6 19. exf7+ Rxf7 20. Bg5 Qxc4 21.
Qxc4 Nxc4 22. Bxf6 Bxf6 23. Bd5 Nxb2 24. Bxf7+ Kxf7 25. Nd5 Kg7 26. Nxf6 exf6
27. Rab1 Nd3 28. Rxb7+ Kh6 29. Rxf6 Nc5 30. Rc7 Ne4 31. Rff7 Rh8 32. Kg2 Ng5
33. Rfd7 Re8 34. h4 Re2+ 35. Kf1 1-0

[Event "Guernsey International Holiday 2014"]
[Site "Guernsey, GCI"]
[Date "2014.10.22"]
[Round "4"]
[White "Colsen, Manuel"]
[Black "Watson, Jim"]
[Result "1-0"]
[WhiteElo "1555"]
[BlackElo "1735"]
[PlyCount "47"]
[EventDate "2014.10.19"]
[EventType "swiss"]
[EventRounds "7"]
[SourceDate "2015.01.07"]

1. Nf3 d5 2. g3 Nf6 3. Bg2 g6 4. O-O Bg7 5. d4 O-O 6. b3 Nc6 7. Bb2 Bf5 8. Nbd2
Re8 9. c4 dxc4 10. Nxc4 Be6 11. Nce5 Bd5 12. Rc1 a5 13. Nxc6 Bxc6 14. Qc2 e6
15. Rfe1 a4 16. bxa4 Rxa4 17. Ne5 Rxa2 18. Nxc6 bxc6 19. Bxc6 Re7 20. Ra1 Rxa1
21. Rxa1 Re8 22. Bxe8 Nxe8 23. Qc6 Bxd4 24. Ra8 1-0

[Event "Guernsey International Holiday 2014"]
[Site "Guernsey, GCI"]
[Date "2014.10.22"]
[Round "4"]
[White "Borland, Tom"]
[Black "Jongerius, Marc"]
[Result "1/2-1/2"]
[WhiteElo "1597"]
[BlackElo "1701"]
[PlyCount "37"]
[EventDate "2014.10.19"]
[EventType "swiss"]
[EventRounds "7"]
[SourceDate "2015.01.07"]

1. d4 Nf6 2. c4 e6 3. Nc3 d5 4. Bg5 Nbd7 5. e3 c6 6. Nf3 Qa5 7. Nd2 Bb4 8. Bxf6
Nxf6 9. Qc2 Ne4 10. Ndxe4 dxe4 11. Be2 O-O 12. O-O f5 13. f4 Be7 14. a3 Qc7 15.
c5 b5 16. cxb6 axb6 17. b4 Qd6 18. Rfc1 b5 19. Nb1 1/2-1/2

[Event "Guernsey International Holiday 2014"]
[Site "Guernsey, GCI"]
[Date "2014.10.22"]
[Round "4"]
[White "Jones, Tim"]
[Black "Foster, Paul"]
[Result "0-1"]
[WhiteElo "1518"]
[BlackElo "1690"]
[PlyCount "104"]
[EventDate "2014.10.19"]
[EventType "swiss"]
[EventRounds "7"]
[SourceDate "2015.01.07"]

1. e4 d5 2. exd5 Qxd5 3. Nc3 Qd6 4. d4 Nf6 5. h3 c6 6. Nf3 Bf5 7. Bd3 Bg6 8.
O-O e6 9. Re1 Nbd7 10. a4 Qc7 11. Bd2 Bxd3 12. cxd3 Be7 13. Ne4 O-O 14. Qc1 Nd5
15. Nc5 N7f6 16. Ne5 a5 17. Rb1 b6 18. Ne4 Rac8 19. Qd1 Nd7 20. f4 Bb4 21. Rc1
Nxe5 22. fxe5 Be7 23. Qe2 c5 24. Rc2 Qd7 25. Ra1 cxd4 26. Rc4 f5 27. Ng5 Bxg5
28. Bxg5 Rxc4 29. dxc4 Nb4 30. Bd2 d3 31. Qf2 Nc2 32. Ra2 Qc7 33. Qf4 Qc5+ 34.
Kh1 Rd8 35. b3 Rd4 36. Qf3 Qxe5 37. g3 Qe4 38. Kg2 Qxf3+ 39. Kxf3 e5 40. Rb2
Re4 41. Bc3 Re3+ 42. Kf2 e4 43. Rb1 Re2+ 44. Kf1 Ne3+ 45. Kg1 Rg2+ 46. Kh1 Rxg3
47. h4 Rh3+ 48. Kg1 f4 49. Re1 Rxh4 50. c5 bxc5 51. Bxa5 Rg4+ 52. Kf2 Rg2# 0-1

[Event "Guernsey International Holiday 2014"]
[Site "Guernsey, GCI"]
[Date "2014.10.22"]
[Round "4"]
[White "Collins, Alan"]
[Black "Rowe, Oliver"]
[Result "1-0"]
[WhiteElo "1645"]
[BlackElo "1466"]
[PlyCount "85"]
[EventDate "2014.10.19"]
[EventType "swiss"]
[EventRounds "7"]
[SourceDate "2015.01.07"]

1. d4 Nf6 2. Nf3 c5 3. c3 cxd4 4. cxd4 d5 5. Nc3 Bf5 6. Nh4 Bg6 7. Nxg6 hxg6 8.
Bf4 e6 9. e3 Bd6 10. Bb5+ Nc6 11. Bxd6 Qxd6 12. h3 Rc8 13. a3 a6 14. Be2 Na5
15. Qa4+ Nc6 16. Rc1 O-O 17. O-O Rfe8 18. b4 Nd7 19. Qd1 b5 20. e4 dxe4 21.
Nxe4 Qxd4 22. Nd6 Red8 23. Nxc8 Nde5 24. Qxd4 Nxd4 25. Rfe1 Nxe2+ 26. Rxe2 Nc4
27. Ne7+ Kf8 28. Nxg6+ fxg6 29. Rxe6 Nxa3 30. Rxa6 Nc4 31. Rxg6 Rd5 32. Ra1 Ne5
33. Rg3 g5 34. Rc3 Nd7 35. Ra5 Kf7 36. f3 Kf6 37. Kf2 Kf5 38. Kg3 Ke5 39. Raa3
Ke6 40. Re3+ Ne5 41. f4 gxf4+ 42. Kxf4 Kf6 43. Ra6+ 1-0

[Event "Guernsey International Holiday 2014"]
[Site "Guernsey, GCI"]
[Date "2014.10.22"]
[Round "4"]
[White "Livermore, Richard"]
[Black "Van Beek, Ronald"]
[Result "1/2-1/2"]
[WhiteElo "1619"]
[BlackElo "1290"]
[PlyCount "55"]
[EventDate "2014.10.19"]
[EventType "swiss"]
[EventRounds "7"]
[SourceDate "2015.01.07"]

1. d4 Nf6 2. Nf3 g6 3. c4 d6 4. Nc3 Bg7 5. e4 O-O 6. Be2 c5 7. d5 e5 8. O-O b6
9. h3 h5 10. Be3 Bd7 11. Qd2 Nh7 12. Ng5 f5 13. Nxh7 Kxh7 14. Bg5 Bf6 15. exf5
Bxg5 16. fxg6+ Kxg6 17. Qd3+ Bf5 18. Qd1 Rh8 19. g4 hxg4 20. hxg4 Bd7 21. Bd3+
Kg7 22. Kg2 Rh6 23. Qf3 Qh8 24. Rh1 Na6 25. Ne4 Rf8 26. Qe2 Be7 27. Rxh6 Qxh6
28. Rh1 1/2-1/2